000 00353nam a22001457a 4500
999 _c11175
_d11175
003 OSt
008 220427b ||||| |||| 00| 0 eng d
020 _a9789350146705
100 _aGILL, P. S.
245 _aEngineering Graphics & Design
250 _a1st Ed.
260 _aNew Delhi
_bS.K. Kataria & Sons
_c2019
300 _a682
942 _2ddc
_cBB
_051